[Event "ROM-ch U10 Girls"]
[Site "Calimanesti Caciulata"]
[Date "2019.04.20"]
[Round "7.17"]
[White "Onica, Maya Briana"]
[Black "Palote, Ana Maria"]
[Result "0-1"]
[WhiteElo "1046"]
[BlackElo "1128"]
[PlyCount "88"]
[EventDate "2019.04.15"]
[EventType "swiss"]
[EventRounds "9"]
[EventCountry "ROU"]
[SourceTitle "EXT 2024"]
[Source "ChessBase"]
[SourceDate "2023.10.10"]
[SourceVersion "1"]
[SourceVersionDate "2023.10.10"]
[SourceQuality "1"]

1. e4 e5 2. Nf3 Nc6 3. Bc4 Bc5 4. 0-0 d6 5. d3 Bg4 6. h3 Bh5 7. g4 Bg6 8. Ng5 Nf6 9. Nc3 h6 10. Nf3 a6 11. Nh2 Nd4 12. Be3 Qd7 13. a3 Ne6 14. Qf3 Bxe3 15. fxe3 Ng5 16. Qg2 Qc6 17. Bd5 Qb6 18. Rae1 0-0 19. Na4 Qa7 20. h4 Ne6 21. h5 Bh7 22. Nf3 Nf4 23. Qg3 N4xd5 24. Kf2 Nf4 25. g5 N6xh5 26. Qh4 b5 27. gxh6 bxa4 28. Rg1 Qc5 29. Rc1 g6 30. Ng5 Qa5 31. c3 Nxd3+ 32. Ke2 Nxc1+ 33. Rxc1 Qb5+ 34. Kd2 Qxb2+ 35. Kd1 Rad8 36. Ne6 fxe6 37. Qh1 d5 38. exd5 Rxd5+ 39. Ke1 Qxc1+ 40. Ke2 Qxh1 41. e4 Rb5 42. c4 Rb3 43. c5 Qh2+ 44. Kd1 Rb1# 0-1